<?xml version="1.0" encoding="UTF-8"?>
<record
    xmlns:xsi="http://www.w3.org/2001/XMLSchema-instance"
    xsi:schemaLocation="http://www.loc.gov/MARC21/slim http://www.loc.gov/standards/marcxml/schema/MARC21slim.xsd"
    xmlns="http://www.loc.gov/MARC21/slim">

  <leader>00438nam a22001577a 4500</leader>
  <controlfield tag="003">OSt</controlfield>
  <controlfield tag="005">20151118091456.0</controlfield>
  <controlfield tag="008">151118b        xxu||||| |||| 00| 0 eng d</controlfield>
  <datafield tag="040" ind1=" " ind2=" ">
    <subfield code="c">RUA</subfield>
  </datafield>
  <datafield tag="082" ind1=" " ind2=" ">
    <subfield code="a">FIS &#x179F;&#x17D2;&#x179A;&#x17C1;&#x1784;&#x200B;&#x200B; 1993 B152 Or.1</subfield>
  </datafield>
  <datafield tag="100" ind1=" " ind2=" ">
    <subfield code="9">3832</subfield>
    <subfield code="a">&#x179F;&#x17D2;&#x179A;&#x17C1;&#x1784;&#x200B;&#x1795;&#x17BB;&#x1793;&#x1793;&#x17B8;</subfield>
  </datafield>
  <datafield tag="245" ind1=" " ind2=" ">
    <subfield code="a">&#x1780;&#x17B6;&#x179A;&#x1795;&#x179B;&#x17B7;&#x178F;&#x1795;&#x17D2;&#x17A2;&#x1780;&#x1798;&#x17B6;&#x17C6;&#x17BB;</subfield>
  </datafield>
  <datafield tag="260" ind1=" " ind2=" ">
    <subfield code="a">Phnom  Penh</subfield>
    <subfield code="b">RUA</subfield>
    <subfield code="c">1993</subfield>
  </datafield>
  <datafield tag="300" ind1=" " ind2=" ">
    <subfield code="b">ill.</subfield>
    <subfield code="c">29cm.</subfield>
  </datafield>
  <datafield tag="942" ind1=" " ind2=" ">
    <subfield code="2">ddc</subfield>
    <subfield code="c">FIS</subfield>
  </datafield>
  <datafield tag="999" ind1=" " ind2=" ">
    <subfield code="c">3564</subfield>
    <subfield code="d">3564</subfield>
  </datafield>
  <datafield tag="952" ind1=" " ind2=" ">
    <subfield code="0">0</subfield>
    <subfield code="1">0</subfield>
    <subfield code="2">ddc</subfield>
    <subfield code="4">0</subfield>
    <subfield code="6">FIS_&#x179F;&#x179A;&#x17C1;&#x1784;_1993_000000000000000_B152_OR_1</subfield>
    <subfield code="7">0</subfield>
    <subfield code="9">17206</subfield>
    <subfield code="a">LBB</subfield>
    <subfield code="b">LBB</subfield>
    <subfield code="c">B152</subfield>
    <subfield code="d">2015-11-18</subfield>
    <subfield code="o">FIS &#x179F;&#x17D2;&#x179A;&#x17C1;&#x1784;&#x200B;&#x200B; 1993 B152 Or.1</subfield>
    <subfield code="p">RUA020735</subfield>
    <subfield code="r">2015-11-18</subfield>
    <subfield code="w">2015-11-18</subfield>
    <subfield code="y">FIS</subfield>
  </datafield>
  <datafield tag="952" ind1=" " ind2=" ">
    <subfield code="0">0</subfield>
    <subfield code="1">0</subfield>
    <subfield code="2">ddc</subfield>
    <subfield code="4">0</subfield>
    <subfield code="6">FIS_&#x179F;&#x179A;&#x17C1;&#x1784;_1993_000000000000000_B152_OR_2</subfield>
    <subfield code="7">0</subfield>
    <subfield code="9">17207</subfield>
    <subfield code="a">LBB</subfield>
    <subfield code="b">LBB</subfield>
    <subfield code="c">B152</subfield>
    <subfield code="d">2015-11-18</subfield>
    <subfield code="o">FIS &#x179F;&#x17D2;&#x179A;&#x17C1;&#x1784;&#x200B;&#x200B; 1993 B152 Or.2</subfield>
    <subfield code="p">RUA020580</subfield>
    <subfield code="r">2015-11-18</subfield>
    <subfield code="w">2015-11-18</subfield>
    <subfield code="y">FIS</subfield>
  </datafield>
  <datafield tag="952" ind1=" " ind2=" ">
    <subfield code="0">0</subfield>
    <subfield code="1">0</subfield>
    <subfield code="2">ddc</subfield>
    <subfield code="4">0</subfield>
    <subfield code="6">FIS_&#x179F;&#x179A;&#x17C1;&#x1784;_1993_000000000000000_B152_OR_3</subfield>
    <subfield code="7">0</subfield>
    <subfield code="9">17208</subfield>
    <subfield code="a">LBB</subfield>
    <subfield code="b">LBB</subfield>
    <subfield code="c">B152</subfield>
    <subfield code="d">2015-11-18</subfield>
    <subfield code="o">FIS &#x179F;&#x17D2;&#x179A;&#x17C1;&#x1784;&#x200B;&#x200B; 1993 B152 Or.3</subfield>
    <subfield code="p">RUA020652</subfield>
    <subfield code="r">2015-11-18</subfield>
    <subfield code="w">2015-11-18</subfield>
    <subfield code="y">FIS</subfield>
  </datafield>
  <datafield tag="952" ind1=" " ind2=" ">
    <subfield code="0">0</subfield>
    <subfield code="1">0</subfield>
    <subfield code="2">ddc</subfield>
    <subfield code="4">0</subfield>
    <subfield code="6">FIS_&#x179F;&#x179A;&#x17C1;&#x1784;_1993_000000000000000_B152_OR_4</subfield>
    <subfield code="7">0</subfield>
    <subfield code="9">17209</subfield>
    <subfield code="a">LBB</subfield>
    <subfield code="b">LBB</subfield>
    <subfield code="c">B152</subfield>
    <subfield code="d">2015-11-18</subfield>
    <subfield code="o">FIS &#x179F;&#x17D2;&#x179A;&#x17C1;&#x1784;&#x200B;&#x200B; 1993 B152 Or.4</subfield>
    <subfield code="p">RUA020509</subfield>
    <subfield code="r">2015-11-18</subfield>
    <subfield code="w">2015-11-18</subfield>
    <subfield code="y">FIS</subfield>
  </datafield>
  <datafield tag="952" ind1=" " ind2=" ">
    <subfield code="0">0</subfield>
    <subfield code="1">0</subfield>
    <subfield code="2">ddc</subfield>
    <subfield code="4">0</subfield>
    <subfield code="6">FIS_&#x179F;&#x179A;&#x17C1;&#x1784;_1993_000000000000000_B152_OR_5</subfield>
    <subfield code="7">0</subfield>
    <subfield code="9">17210</subfield>
    <subfield code="a">LBB</subfield>
    <subfield code="b">LBB</subfield>
    <subfield code="c">B152</subfield>
    <subfield code="d">2015-11-18</subfield>
    <subfield code="l">4</subfield>
    <subfield code="o">FIS &#x179F;&#x17D2;&#x179A;&#x17C1;&#x1784;&#x200B;&#x200B; 1993 B152 Or.5</subfield>
    <subfield code="p">RUA020653</subfield>
    <subfield code="r">2020-08-24</subfield>
    <subfield code="s">2020-08-04</subfield>
    <subfield code="w">2015-11-18</subfield>
    <subfield code="y">FIS</subfield>
  </datafield>
  <datafield tag="952" ind1=" " ind2=" ">
    <subfield code="0">0</subfield>
    <subfield code="1">0</subfield>
    <subfield code="2">ddc</subfield>
    <subfield code="4">0</subfield>
    <subfield code="6">FIS_&#x179F;&#x179A;&#x17C1;&#x1784;_1993_000000000000000_B152_OR_6</subfield>
    <subfield code="7">0</subfield>
    <subfield code="9">17211</subfield>
    <subfield code="a">LBB</subfield>
    <subfield code="b">LBB</subfield>
    <subfield code="c">B152</subfield>
    <subfield code="d">2015-11-18</subfield>
    <subfield code="o">FIS &#x179F;&#x17D2;&#x179A;&#x17C1;&#x1784;&#x200B;&#x200B; 1993 B152 Or.6</subfield>
    <subfield code="p">RUA020724</subfield>
    <subfield code="r">2015-11-18</subfield>
    <subfield code="w">2015-11-18</subfield>
    <subfield code="y">FIS</subfield>
  </datafield>
  <datafield tag="952" ind1=" " ind2=" ">
    <subfield code="0">0</subfield>
    <subfield code="1">0</subfield>
    <subfield code="2">ddc</subfield>
    <subfield code="4">0</subfield>
    <subfield code="6">FIS_&#x179F;&#x179A;&#x17C1;&#x1784;_1993_000000000000000_B152_OR_7</subfield>
    <subfield code="7">0</subfield>
    <subfield code="9">17212</subfield>
    <subfield code="a">LBB</subfield>
    <subfield code="b">LBB</subfield>
    <subfield code="c">B152</subfield>
    <subfield code="d">2015-11-18</subfield>
    <subfield code="o">FIS &#x179F;&#x17D2;&#x179A;&#x17C1;&#x1784;&#x200B;&#x200B; 1993 B152 Or.7</subfield>
    <subfield code="p">RUA020513</subfield>
    <subfield code="r">2015-11-18</subfield>
    <subfield code="w">2015-11-18</subfield>
    <subfield code="y">FIS</subfield>
  </datafield>
  <datafield tag="952" ind1=" " ind2=" ">
    <subfield code="0">0</subfield>
    <subfield code="1">0</subfield>
    <subfield code="2">ddc</subfield>
    <subfield code="4">0</subfield>
    <subfield code="6">FIS_&#x179F;&#x179A;&#x17C1;&#x1784;_1993_000000000000000_B152_OR_8</subfield>
    <subfield code="7">0</subfield>
    <subfield code="9">17213</subfield>
    <subfield code="a">LBB</subfield>
    <subfield code="b">LBB</subfield>
    <subfield code="c">B152</subfield>
    <subfield code="d">2015-11-18</subfield>
    <subfield code="l">1</subfield>
    <subfield code="o">FIS &#x179F;&#x17D2;&#x179A;&#x17C1;&#x1784;&#x200B;&#x200B; 1993 B152 Or.8</subfield>
    <subfield code="p">RUA020734</subfield>
    <subfield code="r">2020-06-26</subfield>
    <subfield code="s">2020-06-05</subfield>
    <subfield code="w">2015-11-18</subfield>
    <subfield code="y">FIS</subfield>
  </datafield>
  <datafield tag="952" ind1=" " ind2=" ">
    <subfield code="0">0</subfield>
    <subfield code="1">0</subfield>
    <subfield code="2">ddc</subfield>
    <subfield code="4">0</subfield>
    <subfield code="6">FIS_&#x179F;&#x179A;&#x17C1;&#x1784;_1993_000000000000000_B152_OR_9</subfield>
    <subfield code="7">0</subfield>
    <subfield code="9">17214</subfield>
    <subfield code="a">LBB</subfield>
    <subfield code="b">LBB</subfield>
    <subfield code="c">B152</subfield>
    <subfield code="d">2015-11-18</subfield>
    <subfield code="o">FIS &#x179F;&#x17D2;&#x179A;&#x17C1;&#x1784;&#x200B;&#x200B; 1993 B152 Or.9</subfield>
    <subfield code="p">RUA020441</subfield>
    <subfield code="r">2015-11-18</subfield>
    <subfield code="w">2015-11-18</subfield>
    <subfield code="y">FIS</subfield>
  </datafield>
  <datafield tag="952" ind1=" " ind2=" ">
    <subfield code="0">0</subfield>
    <subfield code="1">0</subfield>
    <subfield code="2">ddc</subfield>
    <subfield code="4">0</subfield>
    <subfield code="6">FIS_&#x179F;&#x179A;&#x17C1;&#x1784;_1993_000000000000000_B152_OR_1&#x17E0;</subfield>
    <subfield code="7">0</subfield>
    <subfield code="9">36980</subfield>
    <subfield code="a">LBB</subfield>
    <subfield code="b">LBB</subfield>
    <subfield code="d">2016-02-03</subfield>
    <subfield code="o">FIS &#x179F;&#x17D2;&#x179A;&#x17C1;&#x1784;&#x200B;&#x200B; 1993 B152 Or.1&#x17E0;</subfield>
    <subfield code="p">RUA050810</subfield>
    <subfield code="r">2016-02-03</subfield>
    <subfield code="w">2016-02-03</subfield>
    <subfield code="y">FIS</subfield>
  </datafield>
</record>
